| 000 | 00654nam a2200229Ia 4500 | ||
|---|---|---|---|
| 008 | 200601s9999 xx 000 0 und d | ||
| 020 | _a0-679-77038-0 | ||
| 050 | _aREF HF 5548 | ||
| 050 | _b.J33 1997 | ||
| 100 | _aJaderstrom, Susan. | ||
| 245 | 0 | _aComplete office handbook : | |
| 245 | 4 | _bthe definitive reference for today's electronic office / | |
| 245 | 0 | _cSusan Jaderstrom, Loernard Kruk, and Joanne Miller. | |
| 250 | _a2nd Edition | ||
| 260 | _aNew York : | ||
| 260 | _bRandom House, Inc. | ||
| 260 | _c2001 | ||
| 300 | _a564 pages : | ||
| 300 | _billustrations ; | ||
| 300 | _c24 cm. | ||
| 650 | _aOffice practice -- Automation. | ||
| 999 |
_c363353 _d363353 |
||